000 00680nam a2200253Ia 4500
003 OSt
005 20220918163518.0
006 a|||||r|||| 00| 0
007 ta
008 220917b |||||||| |||| 00| 0 eng d
020 _a0060471182
024 _a252,257
037 _cTextual
040 _aARTS
_cARTS
_beng
041 _2eng
_aeng
082 _aY7791:1, L5
100 _aWillems Emilio
_913482
245 0 _aLatin American culture
_b An anthropological synthesis
260 _aNew York
_bHarper and Row USA
_c1975
300 _axii,423p.
_ccm.
650 _aSOCIOLOGY
942 _hY7791:1, L5
_cTEXL
_2CC
999 _c119884
_d119884